000 00653nam a2200193Ia 4500
003 GCL
008 140319s9999 xx 000 0 ara d
040 _aGCL /
_cGCL
082 0 4 _a810.9
_bع ص
100 1 _aعبدالرحمن الشرقاوى
245 1 0 _aخامس الخلفاء عمربن عبدالعزيز /
_cعبدالرحمن الشرقاوى
260 _aالقاهرة :
_bدار غريب للطباعة والنشر والتوزيع ،
_c1986
300 _a237 ص ؛
_c24 سم
490 _a
650 0 4 _aالتاريخ الاسلامى
650 0 4 _aالخلفاء
650 0 4 _aالخلفاء الراشدون
942 _2ddc
_cBK
999 _c41066
_d41066